000 00689nam a22002297a 4500
005 20250724143859.0
010 _aENG-146122-123
020 _a9789349184879
_c2150.00
020 _a9789349184411
_c2150.00
035 _aEN-129654-655
037 _bDBAD
082 _a881
_21
100 _aAnand, Jernail Singh
_983294
245 _a12 Epic Narratives:
_bEpicasia/
_cJernail Singh Anand
250 _a1
260 _aGurugram
_bEarth Vision Publications
_c2025
270 _aH-23/16, DLF Phase-1
_bGurugram
_e122002
_mearthvisionpublications@gmail.com
300 _a898p.
_c22cm(hb)
300 _a977p.
_c21cm(hb)
490 _v1,2
942 _2ddc
_cEN
_h881
_mANA
_e1
999 _c212574
_d212574